01585nam a22002057a 4500003000900000005001700009008004100026040002800067100004800095245029600143260004100439300002200480502019600502504005300698505037600751700004401127700003601171700003801207830013401245DO-SdBJH20250502144856.0250502b |||||||| |||| 00| 0 spa d aDO-SdBJHbspacDO-SdBJH1 aAlmarante Díaz, Juan Albertoesustentante10aImpacto de la operación bayahonda en el mejoramiento de la seguridad fronteriza en el área de responsabilidad del 16to. Bon de Infantería del ERD, período 2022-2023 / c Juan Alberto Almarante Díaz, Jeffrey Gómez Castillo, asesores Alfredo Blanco Suarez, Marcos Mateo Capellán aSanto Domingo Este :bINSUDE, c2023 avii, 73 páginas aTrabajo de grado (Licenciatura en Ciencias Militares) -- Instituto Superior para la Defensa (INSUDE). Academia Militar del Ejército de República Dominicana "Batalla de las Carreras", 2023 aIncluye referencias bibliográficas e índices aOrigen y evolución y marco legal de la seguridad fronteriza haitiana en el municipio de Pedernales. -- Amenazas presentadas en la frontera dominico haitiana en el municipio de Pedernales. -- Impacto de las operaciones bayahonda en el área de responsabilidad del 16to. Bon. para el fortalecimiento y controles de la seguridad fronteriza, durante el período 2021-20221 aGómez Castillo, Jeffrey esustentante1 aBlanco Suarez, Alfredo easesor1 aMateo Capellán, Marcos easesor aINSUDE. Academia Militar del Ejército de República Dominicana "Batalla de las Carreras";. Trabajo de grado y disertaciones.